[Event "FRA-ch U16 Girls"]
[Site "Gonfreville"]
[Date "2016.??.??"]
[Round "7"]
[White "Mathey, Fannie"]
[Black "Bruneau, Maylis"]
[Result "1-0"]
[WhiteElo "1701"]
[BlackElo "1644"]
[PlyCount "45"]
[EventDate "2016.04.22"]
[EventType "swiss"]
[EventRounds "9"]
[EventCountry "FRA"]
[SourceTitle "EXT 2019"]
[Source "ChessBase"]
[SourceDate "2018.10.10"]
[SourceVersion "1"]
[SourceVersionDate "2018.10.10"]
[SourceQuality "1"]

1. e4 c5 2. d4 cxd4 3. c3 dxc3 4. Nxc3 Nc6 5. Nf3 d6 6. Bc4 e6 7. 0-0 Nf6 8. Qe2 Be7 9. Rd1 e5 10. Bg5 Bg4 11. Nb5 a6 12. Bxf6 gxf6 13. Nc3 Nd4 14. Qd3 Rg8 15. Kh1 Qc8 16. Rg1 Bxf3 17. gxf3 Rg6 18. Nd5 b5 19. Bb3 Bd8 20. f4 f5 21. Rac1 Rxg1+ 22. Rxg1 Kf8 23. Qg3 1-0

[Event "Toulouse Petit Capitole op"]
[Site "Toulouse"]
[Date "2015.05.30"]
[Round "2"]
[White "Bartels, Sven"]
[Black "Mathey, Fannie"]
[Result "1-0"]
[WhiteElo "1982"]
[BlackElo "1583"]
[PlyCount "55"]
[EventDate "2015.05.30"]
[EventType "swiss"]
[EventRounds "6"]
[EventCountry "FRA"]
[SourceTitle "EXT 2016"]
[Source "ChessBase"]
[SourceDate "2015.10.08"]
[SourceVersion "1"]
[SourceVersionDate "2015.10.08"]
[SourceQuality "1"]

1. Nc3 Nf6 2. e4 e5 3. f4 d6 4. Nf3 Bg4 5. Bc4 Be7 6. fxe5 dxe5 7. Bxf7+ Kf8 8. Bb3 Nc6 9. h3 Bh5 10. d3 Qd7 11. Be3 h6 12. Rf1 Bf7 13. Nd5 Kg8 14. Nxe7+ Qxe7 15. Nh4 Rf8 16. Ng6 Qd8 17. Nxf8 Kxf8 18. Qd2 Ke8 19. 0-0-0 Bxb3 20. axb3 Kd7 21. Qf2 a6 22. Qf5+ Ke7 23. d4 Qd6 24. dxe5 Qxe5 25. Bc5+ Kf7 26. Rd7+ Ke8 27. Rd8+ Nxd8 28. Qxe5+ 1-0

[Event "Toulouse Petit Capitole op"]
[Site "Toulouse"]
[Date "2015.05.30"]
[Round "3"]
[White "Mathey, Fannie"]
[Black "Menoux, Yvan"]
[Result "1-0"]
[WhiteElo "1583"]
[BlackElo "1160"]
[PlyCount "89"]
[EventDate "2015.05.30"]
[EventType "swiss"]
[EventRounds "6"]
[EventCountry "FRA"]
[SourceTitle "EXT 2016"]
[Source "ChessBase"]
[SourceDate "2015.10.08"]
[SourceVersion "1"]
[SourceVersionDate "2015.10.08"]
[SourceQuality "1"]

1. e4 c5 2. d4 cxd4 3. c3 d6 4. cxd4 Nf6 5. Nc3 g6 6. Bc4 Bg7 7. Nf3 0-0 8. Bb3 Bg4 9. 0-0 Nc6 10. h3 Bxf3 11. gxf3 Qb6 12. Be3 Qa5 13. Kh2 e5 14. d5 Nd4 15. Bxd4 exd4 16. Ne2 Nh5 17. Qd3 Rac8 18. Rh1 Be5+ 19. Kg1 Nf4 20. Nxf4 Bxf4 21. h4 Rc1+ 22. Rxc1 Bxc1 23. Qxd4 Qe1+ 24. Kg2 Qd2 25. Qxa7 Bxb2 26. Qxb7 Bd4 27. Rf1 Qf4 28. Qe7 Be5 29. Rh1 Qd2 30. Qg5 Bf4 31. Qg4 Be3 32. Rf1 h5 33. Qd7 Bf4 34. Qb5 Be3 35. a4 Ra8 36. Qc6 Rb8 37. Bc4 Rb6 38. Qc8+ Kg7 39. Bb5 Qa2 40. Qc7 Qb2 41. Bc6 Qe2 42. Be8 Kf6 43. Qxf7+ Ke5 44. Qg7+ Kf4 45. Qf6# 1-0

[Event "FRA-ch U12 Girls"]
[Site "Nimes"]
[Date "2012.04.19"]
[Round "7"]
[White "Devaux, Juliette"]
[Black "Mathey, Fannie"]
[Result "0-1"]
[WhiteElo "1350"]
[BlackElo "1500"]
[PlyCount "118"]
[EventDate "2012.04.14"]
[EventType "swiss"]
[EventRounds "9"]
[EventCountry "FRA"]
[SourceTitle "CBM 148 Extra"]
[Source "ChessBase"]
[SourceDate "2012.06.22"]
[SourceVersion "1"]
[SourceVersionDate "2012.06.22"]
[SourceQuality "1"]

1. e4 e5 2. Nf3 Nc6 3. Bc4 Bc5 4. c3 Nf6 5. d4 exd4 6. e5 d5 7. Bb5 Ne4 8. cxd4 Bb4+ 9. Nbd2 Bg4 10. Qb3 Bxd2+ 11. Nxd2 Nxd2 12. Bxd2 a6 13. Bxc6+ bxc6 14. Qg3 Be6 15. Qxg7 Kd7 16. Qf6 Qxf6 17. exf6 Rag8 18. Rg1 Rg6 19. f4 Rxf6 20. g4 Re8 21. Kf2 Kc8 22. h4 c5 23. dxc5 d4 24. b4 Bc4 25. Kf3 Re2 26. g5 Rfe6 27. f5 Bd5+ 28. Kg4 R6e4+ 29. Bf4 Rf2 30. Rgf1 Rxa2 31. Rxa2 Bxa2 32. h5 d3 33. g6 fxg6 34. fxg6 hxg6 35. hxg6 d2 36. Rd1 Bb3 37. Rxd2 Rxb4 38. Rb2 Be6+ 39. Kg5 Rxb2 40. Kf6 Rf2 41. Kxe6 Rxf4 42. g7 Rg4 43. Kf7 Rxg7+ 44. Kxg7 Kd7 45. Kf7 Kc6 46. Ke7 Kxc5 47. Kd7 a5 48. Kxc7 a4 49. Kb7 a3 50. Ka6 a2 51. Kb7 a1Q 52. Kc7 Qf6 53. Kb7 Qb6+ 54. Kc8 Qa7 55. Kd8 Kc6 56. Ke8 Kd6 57. Kf8 Ke6 58. Kg8 Kf6 59. Kh8 Qg7# 0-1